000 00624nam a22002297a 4500
003 UA-OsUOA
001 96600
007 ta
008 20130320b un ||||| |||| 00| 0 ukr d
100 _aЛесюэр М.
090 _a821.111 (73)
_bЛ51
942 _cBK
040 _aUA-OsUOA
_brus
_cUA-OsUOA
_dUA-OsUOA
245 _aЖенщина
_bрассказы
300 _a350 с.
955 _a3
041 _arus
080 _a821.111 (73)
260 _aМ.
_bХудожественная литература
_c1989
650 7 _a82 Література. Літературознавство
_2UDC
999 _c382851
_d382851